LEADER 01381nas 2200433-a 450 001 996216090403316 005 20240130213016.0 011 $a2332-581X 035 $a(DE-599)ZDB2778432-0 035 $a(OCoLC)70220248 035 $a(CKB)1000000000312727 035 $a(CONSER)--2006213989 035 $a(EXLCZ)991000000000312727 100 $a20060630a20069999 s-- a 101 0 $aeng 135 $aurcnu|||||||| 181 $ctxt$2rdacontent 182 $cc$2rdamedia 183 $acr$2rdacarrier 200 00$aAfrica policy journal 210 $aCambridge, MA $cJohn F. Kennedy School of Government$d©2006- 300 $aRefereed/Peer-reviewed 300 $aRefereed/Peer-reviewed 300 $aTitle from title screen (Publisher's Web site, viewed June 14, 2006). 311 $a1932-4308 517 1 $aAPJ 517 1 $aHarvard Africa policy journal 606 $aEconomic policy$2fast$3(OCoLC)fst00902025 607 $aAfrica$xEconomic policy$y21st century$vPeriodicals 607 $aAfrica$2fast$1https://id.oclc.org/worldcat/entity/E39PBJkHrMyfHC67yqRTycbrv3 608 $aPeriodicals.$2fast 608 $aPeriodicals.$2lcgft 615 7$aEconomic policy. 676 $a327.6 712 02$aJohn F. Kennedy School of Government. 906 $aJOURNAL 912 $a996216090403316 996 $aAfrica policy journal$92166166 997 $aUNISA LEADER 03530oas 2201489 a 450 001 9910142517203321 005 20260210174838.0 011 $a1545-2069 035 $a(DE-599)ZDB2131893-1 035 $a(DE-599)2131893-1 035 $a(OCoLC)52433928 035 $a(CONSER) 2003215253 035 $a(CKB)111056646018250 035 $a(EXLCZ)99111056646018250 100 $a20030616a20039999 sy a 101 0 $aeng 135 $aurcnu|||||||| 181 $ctxt$2rdacontent 182 $cc$2rdamedia 183 $acr$2rdacarrier 200 00$aAnnual review of ecology, evolution, and systematics 210 $aPalo Alto, Calif. $cAnnual Reviews$d2003- 215 $a1 online resource 300 $aRefereed/Peer-reviewed 311 08$a1543-592X 606 $aEcology$vPeriodicals 606 $aBiology$vClassification$vPeriodicals 606 $aEvolution$vPeriodicals 606 $aEcology 606 $aBiology$xclassification 606 $aBiological Evolution 606 $aE?cologie$vPe?riodiques 606 $aBiologie$xClassification$vPe?riodiques 606 $aE?volution$vPe?riodiques 606 $aBiology$2fast$3(OCoLC)fst00832383 606 $aEcology$2fast$3(OCoLC)fst00901476 606 $aEvolution$2fast$3(OCoLC)fst00917265 606 $aÖkologie$2gnd 606 $aZeitschrift$2gnd 606 $aBiologie$2gnd 606 $aSystematik$2gnd 606 $aEcology$vYearbooks$2sears 606 $aBiology$vClassification$vYearbooks$2sears 606 $aEvolution$vYearbooks$2sears 608 $aClassification.$2fast 608 $aPeriodicals.$2fast 608 $aPeriodicals.$2lcgft 608 $aPeriodical 615 0$aEcology 615 0$aBiology 615 0$aEvolution 615 12$aEcology. 615 12$aBiology$xclassification 615 12$aBiological Evolution 615 6$aE?cologie 615 6$aBiologie$xClassification 615 6$aE?volution 615 7$aBiology. 615 7$aEcology. 615 7$aEvolution. 615 7$aÖkologie. 615 7$aZeitschrift. 615 7$aBiologie 615 7$aSystematik 615 7$aEcology 615 7$aBiology 615 7$aEvolution 676 $a570 801 0$bNSD 801 1$bNSD 801 2$bOCLCQ 801 2$bNSD 801 2$bMUQ 801 2$bSYB 801 2$bEYM 801 2$bOCLCQ 801 2$bDLC 801 2$bOCLCF 801 2$bOCL 801 2$bOCLCO 801 2$bEUW 801 2$bOCLCO 801 2$bOCLCQ 801 2$bDEBBG 801 2$bOCLCE 801 2$bATB 801 2$bAD# 801 2$bCSU 801 2$bUAB 801 2$bMOR 801 2$bFIE 801 2$bQE2 801 2$bWT2 801 2$bOCLCO 801 2$bNMC 801 2$bVT2 801 2$bOCLCA 801 2$bOCLCQ 801 2$bOCLCO 801 2$bAU@ 801 2$bOCLCO 801 2$bWYU 801 2$bU3W 801 2$bOCLCO 801 2$bOCLCA 801 2$bNJT 801 2$bOCLCA 801 2$bOCLCQ 801 2$bOCLCO 801 2$bSFB 801 2$bOCLCQ 801 2$bUEJ 801 2$bOCLCQ 801 2$bSRU 801 2$bBWN 801 2$bOCLCA 801 2$bORE 801 2$bOCLCO 801 2$bQGK 801 2$bDYJ 801 2$bOCLCQ 801 2$bOCLCL 801 2$bOCLCQ 906 $aJOURNAL 912 $a9910142517203321 996 $aAnnual review of ecology, evolution, and systematics$9800859 997 $aUNINA